| 000 | 00768nam a2200169Ia 4500 | ||
|---|---|---|---|
| 008 | 090711s9999 xx 000 0 und d | ||
| 082 | _b76540 | ||
| 100 | _aमालशे मिलिंद स. | ||
| 245 | _aआधुनिक भाषाविज्ञान सिध्दांत आणि उपयोजन | ||
| 260 |
_bलोक वाङमय गृह _c1995 |
||
| 300 | _a265 | ||
| 600 | _aमालशे मिलिंद स. | ||
| 630 | _aआधुनिक भाषाविज्ञान सिध्दांत आणि उपयोजन | ||
| 700 | _aमालशे मिलिंद स. | ||
| 730 | _aआधुनिक भाषाविज्ञान सिध्दांत आणि उपयोजन | ||
| 942 | _cBOOK | ||
| 999 |
_c329399 _d329399 |
||